000 01086nam a2200289Ia 4500
001 Para_10076
003 CHAP
008 220125sDici xx 000 0 und d
010 _a208763
040 _cCHAP
090 _aPA CD - TESIS 156
100 _aCervantes García, Marco Antonio
_921565
245 _aBiodiversidad de hongos en semilla de avena (Avena sativa L.) producida bajo condiciones de temporal en la mesa central de México /
_c Marco Antonio Cervantes García; Director Santos Gerardo Leyva Mir
260 _aChapingo, Méx. :
_b el autor
300 _a1 CDS ROM (100 p.)
502 _aTesis (Ing. Agr. Esp. en Parasitología Agrícola). UACh. Departamento Parasitología Agrícola
520 _a(M.C. en Protección Vegetal) UACh
700 _aLeyva Mir, Santos Gerardo. Director
_9171335
710 _aUACh. Departamento Parasitología Agrícola
_9164025
901 _aPA CD - TESIS 156
902 _aM
905 _a513220Diciembre, 2011 anm 8100000000 06
910 _aDici
942 _cPARA
942 _cPARA
_d2
999 _c208763
_d208763